Á lódáil...
Nitrogen fixation
| Príomhúdar: | |
|---|---|
| Formáid: | Printed Book |
| Teanga: | Undetermined English |
| Foilsithe: |
New Delhi
Oxford and IBH publishing
1978
|
| Ábhair: |
| LEADER | 00529nam a2200169Ia 4500 | ||
|---|---|---|---|
| 008 | 140306s9999 xx 000 0 und d | ||
| 041 | |a eng | ||
| 082 | |a 589.9 |b POS/NI | ||
| 100 | |a Postgate, J | ||
| 245 | |a Nitrogen fixation | ||
| 260 | |a New Delhi |b Oxford and IBH publishing |c 1978 | ||
| 300 | |a 67 | ||
| 650 | |a Bacteria | ||
| 650 | |a Bacteriology | ||
| 942 | |2 ddc |c BK | ||
| 999 | |c 109331 |d 109331 | ||
| 952 | |0 0 |1 0 |2 ddc |4 0 |6 589_900000000000000_POSNI |7 0 |9 106733 |a KAUHCV |b KAUHCV |d 2004-03-24 |o 589.9 POS/NI |p KAU_HCV-4588 |r 2014-03-22 |w 2014-03-22 |y BK | ||